Mémoires du cardinal de Retz, de guy joli et de la Duchesse de Nemours; contenant ce qui s'est passé de remarquable en France pendant les premieres années du règne de Louis XIV

Detalles Bibliográficos
Formato: Libro
Lenguaje:Undetermined
French
Publicado: a Paris : chez Etienne Ledoux, 1820.
Edición:Nouvelle édition augmentée, ornée du portrait du cardinal de Retz, et du fascimile d'une de ses lettres
Materias:
Colección:Banco de datos
Acervo:Biblioteca Palafoxiana. Colección bibliográfica
Descripción Física:6 t. ; 4°
Tema general:Historia civil
Notas:Incluye frontispicio. Sello en tinta: Biblioteca Pública Palafoxiana. Número de localización: t.1 (23916) ; t.2 (23917) ; t.3 (23918) ; t.4 (23919) ; t.5 (23920) ; t.6 (23921)
LEADER 00876nam a2200169Ia 4500
008 150723s9999 xx 000 0 und d
041 0 |a fre 
050 0 |a PAFX D20 M4 
245 1 0 |a Mémoires du cardinal de Retz, de guy joli et de la Duchesse de Nemours; contenant ce qui s'est passé de remarquable en France pendant les premieres années du règne de Louis XIV 
250 |a Nouvelle édition augmentée, ornée du portrait du cardinal de Retz, et du fascimile d'une de ses lettres 
260 |a a Paris : chez Etienne Ledoux, 1820. 
300 |a 6 t. ; 4° 
500 |a Incluye frontispicio. Sello en tinta: Biblioteca Pública Palafoxiana. Número de localización: t.1 (23916) ; t.2 (23917) ; t.3 (23918) ; t.4 (23919) ; t.5 (23920) ; t.6 (23921) 
650 1 0 |a Historia civil 
942 |c PALALIB 
943 |g Biblioteca Palafoxiana. Colección bibliográfica 
999 |c 1051738  |d 1051738